01047cam a22002891 4500001001300000003000400013005001700017008004100034010001700075035002000092040001800112043001200130050002700142082001200169100002400181245008100205260004800286300002700334490004700361500006800408500005300476650004800529650003800577610004700615710003600662830005900698l 45000012 DLC20260227111539.0950105s1945 dcua f000 0 eng  al 45000012  a(OCoLC)31823490 aDLCcPPTdDLC an-us---00aHD6093b.A35 no. 192-804a331.4 s1 aDeCaux, Caroline A.10aEmployment of women in army supply depots in 1943 /c[by Caroline A. Decaux] aWashington,bU.S. Govt. Print. Off.,c1945. av, 33 p.bill.c23 cm.1 aBulletin of the Women's Bureau,vno. 192-8 aAt head of title: United States Dept. of Labor, Women's Bureau. a"By Caroline A. DeCaux."--Letter of transmittal. 0aWorld War, 1939-1945xWomenzUnited States. 0aWomenxEmploymentzUnited States.10aUnited States.bArmyxSupplies and stores.1 aUnited States.bWomen's Bureau. 0aBulletin (United States. Women's Bureau) ;vno. 192-8.